| 000 | 01247aam a2200349 a 4500 | ||
|---|---|---|---|
| 999 |
_c5795 _d5795 |
||
| 001 | 014541565 | ||
| 003 | Uk | ||
| 005 | 20251112080306.0 | ||
| 008 | 080304r20081991enka 000 1 eng c | ||
| 015 |
_aGBA826851 _2bnb |
||
| 016 | 7 |
_a014541565 _2Uk |
|
| 020 | _a9780194791700 (pbk.) | ||
| 035 | _a(IeDuTC)IeDuTCb15024935 | ||
| 040 |
_aIeDuTC _beng _cIeDuTC _dUk |
||
| 042 | _aukscp | ||
| 082 | 0 | 4 |
_a428.6 BOR _223 |
| 100 | 1 |
_aBorder, Rosemary, _d1943- _eauthor. |
|
| 245 | 1 | 4 |
_aThe strange case of Dr Jeckyll and Mr Hyde / _cRobert Louis Stevenson ; retold by Rosemary Border. |
| 246 | 1 | 4 | _aDr Jeckyll and Mr Hyde |
| 260 |
_aOxford : _bOxford University Press, _cc2008. |
||
| 300 |
_a88 p. : _bill. ; _c20 cm. |
||
| 336 |
_atext _2rdacontent |
||
| 337 |
_aunmediated _2rdamedia |
||
| 338 |
_avolume _2rdacarrier |
||
| 490 | 1 | _aOxford bookworms library. Fantasy & horror. Stage 4 | |
| 500 | _aOriginally published, 1991. | ||
| 600 | 1 | 0 |
_aJekyll, Henry _c(Fictitious character) _vFiction. |
| 600 | 1 | 0 |
_aHyde, Edward _c(Fictitious character) _vFiction. |
| 700 | 1 |
_aStevenson, Robert Louis, _d1850-1894. _tStrange case of Dr. Jekyll and Mr. Hyde. |
|
| 830 | 0 |
_aOxford bookworms library. _pFantasy & horror. _pStage 4 _nStage 4. |
|
| 942 |
_2ddc _cTR |
||